Statistics for Random Clash Royale Card (by Picture)

Click here to take the quiz!

General Stats

  • This quiz has been taken 88 times
  • The average score is 7 of 9

Answer Stats

Answer% Correct
Bandit
100%
Barbarian Hut
100%
Barbarians
100%
Battle Ram
100%
Bomber
100%
Cannon
100%
Electro Dragon
100%
Electro Giant
100%
Fireball
100%
Firecracker
100%
Fire Spirit
100%
Fisherman
100%
Flying Machine
100%
Giant Skeleton
100%
Goblin Barrel
100%
Goblin Cage
100%
Goblin Hut
100%
Golden Knight
100%
Graveyard
100%
Heal Spirit
100%
Hunter
100%
Ice Spirit
100%
Inferno Dragon
100%
Inferno Tower
100%
Lava Hound
100%
Lightning
100%
Mega Knight
100%
Miner
100%
Minions
100%
Monk
100%
Mortar
100%
Mother Witch
100%
P.E.K.K.A
100%
Prince
100%
Princess
100%
Rage
100%
Ram Rider
100%
Rocket
100%
Royal Delivery
100%
Royal Ghost
100%
Royal Giant
100%
Skeletons
100%
Sparky
100%
The Log
100%
Tombstone
100%
X-Bow
100%
Zap
100%
Skeleton King
89%
Earthquake
88%
Valkyrie
88%
Furnace
86%
Goblins
86%
Mighty Miner
86%
Royal Hogs
86%
Zappies
86%
Archers
83%
Electro Wizard
83%
Executioner
83%
Goblin Gang
83%
Knight
83%
Wizard
83%
Freeze
80%
Golem
80%
Ice Wizard
80%
Phoenix
80%
Royal Recruits
80%
Three Musketeers
80%
Tornado
80%
Tesla
78%
Archer Queen
75%
Baby Dragon
75%
Bomb Tower
75%
Clone
75%
Elixir Golem
75%
Minion Horde
75%
Skeleton Barrel
75%
Spear Goblins
75%
Arrows
71%
Dark Prince
71%
Mini P.E.K.K.A
71%
Skeleton Army
71%
Skeleton Dragons
71%
Battle Healer
67%
Electro Spirit
67%
Elixir Collector
67%
Goblin Drill
67%
Guards
67%
Mega Minion
67%
Musketeer
67%
Witch
67%
Rascals
64%
Lumberjack
63%
Magic Archer
63%
Barbarian Barrel
60%
Bowler
60%
Cannon Cart
60%
Giant Snowball
60%
Ice Golem
60%
Night Witch
60%
Party Hut
57%
Balloon
50%
Bats
50%
Dart Goblin
50%
Giant
50%
Goblin Giant
50%
Mirror
50%
Poison
50%
Wall Breakers
50%
Elite Barbarians
33%
Party Rocket
29%
Hog Rider
0%

Score Distribution

Percentile by Number Answered

Percent of People with Each Score

Your Score History

You have not taken this quiz